| 000 | 00452nam a22001577a 4500 | ||
|---|---|---|---|
| 020 | _a81-250-3021-2 | ||
| 082 |
_a900 _bDEV/N |
||
| 100 | _aDEVY, G.N | ||
| 245 |
_aA NOMAD CALLED THIEF _bREFLECTIONS ON ADIVASI SILENCE |
||
| 246 |
_aA NOMAD CALLED THIEF _bREFLECTIONS ON ADIVASI SILENCE |
||
| 260 |
_aHYDERABAD _bORIENT LONGMAN _c2006 |
||
| 300 | _a199 | ||
| 520 | _aSOCIAL SCIENCE- ABOUT ADIVASI | ||
| 650 | _aSOCIAL SCIENCE-ABOUT ADIVASI | ||
| 942 | _cBK | ||
| 999 |
_c1583 _d1583 |
||